Župné noviny dvojtýždenník o živote v Bratislavskom samosprávnom kraji

Bibliographic Details
Format: Journal
Language:Slovak
PhysicalDescription:4 zv. 31 cm
Published: Bratislava Vydavateľstvo M.R.K. agency 2006-2009
ISSN:1338-2128
Subjects:

MARC

LEADER 00000cas a2200000 a 4500
001 vtls008845507
003 SK-MaSNL
005 20260425194142.0
008 060908d20062009xo er|p 0 b0slo
022 |a 1338-2128 
040 |a SNK  |b slo  |c SNK  |e AACR2 
041 0 |a slo 
044 |a xo  |c SK 
072 7 |a 316.7  |x Sociológia kultúry. Kultúrny život  |2 konspekt 
080 |a 316.728  |2 2011 
080 |a (437.6)  |2 2011 
080 |a 050  |2 2001 
080 |a (051)+(054)(437.6)  |2 2011 
210 0 |a Župné nov. 
222 0 |a Župné noviny 
245 0 0 |a Župné noviny  |b dvojtýždenník o živote v Bratislavskom samosprávnom kraji 
260 |a Bratislava  |b Vydavateľstvo M.R.K. agency  |c 2006-2009 
300 |a 4 zv.  |c 31 cm 
310 |a 1x za dva týždne 
362 0 |a Roč. I, č. 1 (2006)- 
500 |a Šéfred.: Roč. I, č. 1 (2006), Gaba Baranovičová 
500 |a Popis podľa dostupnosti: Rok 2006 
500 |a Reg. číslo: KP 51/2006 
500 |a Podľa Agentúry ISSN noviny vychádzali do r. 2009 
650 0 7 |a spoločenský život  |2 SNKPH  |9 28654 
651 7 |a Bratislavsky kraj (Slovensko)  |2 SNKPHgeo  |9 160207 
655 7 |a regionálne periodiká  |2 SNKPH  |9 131775 
910 |a snk 
958 |a OND 
999 |c 5207  |d 7137 
952 |t č. 1-11  |a SNK  |b SNK  |y PREZ  |7 0  |p 17A1325185  |o snkČSB 6671/1/2006  |i snk2018/11949  |8 0  |0 0  |1 0  |4 0  |d 2018-05-31  |l 0  |r 2026-02-21 22:05:46  |w 2026-02-21